ბათუმის შოთა რუსთაველის სახელმწიფო უნივერსიტეტის ბიბლიოთეკა

საქართველოს სისხლის სამართლის პროცესი : ზოგადი ნაწილი : (ბიბ.ჩანაწერი № 42196)

000 -ლიდერი
ფიქსირებული სიგრძის საკონტროლო ველი 01403nam a2200265Ia 4500
001 - საკონტროლო ნომერი
საკონტროლო ველი 8889
003 - საკონტროლო ნომრის იდენტიფიკატორი
საკონტროლო ველი GE_BSU
005 - ბოლო ოპერაციის თარიღი და დრო
საკონტროლო ველი 20240415123809.0
008 - ფიქსირებული სიგრძის მონაცემთა ელემენტები - ზოგადი ინფორმაცია
ფიქსირებული სიგრძის საკონტროლო ველი 181216s2013||||ge |||||||||||||| ||geo||
020 ## - წიგნის საერთაშორისო სტანდარტული ნომერი
International Standard Book Number 978 9941 9343 9 1
040 ## - კატალოგიზაციის წყარო
Transcribing agency GE_BSU
041 ## - ენის კოდი
Language code of text/sound track or separate title geo
080 ## - უნივერსალური ათობითი კლასიფიკაციის ინდექსი
Universal Decimal Classification number 343(075.8) ს-323
245 ## - ცნობა სათაურის შესახებ
Title საქართველოს სისხლის სამართლის პროცესი : ზოგადი ნაწილი :
Remainder of title [სახელმძღვ.] /
Statement of responsibility, etc შ. ფაფიაშვილი, მ. მამნიაშვილი, ჯ. გახოკიძე [და სხვ.] ; რედ. : ჯემალ გახოკიძე [და სხვ.].
250 ## - გამოცემის ცნობა
Edition statement გამოცემა მე-2
264 ## - წარმოების, გამოცემის, დისტრიბუციის და სხვა ცნობები
გამოცემის, წარმოების, დისტრიბუციის... ადგილი თბილისი :
გამოცემის, წარმოების, დისტრიბუციის... სახელწოდება იურისტების სამყარო,
გამოცემის, წარმოების, დისტრიბუციის... თარიღი 2013.
300 ## - ფიზიკური აღწერა
Extent 300 გვ. ;
Dimensions 21 სმ.
504 ## - BIBLIOGRAPHY, ETC. NOTE
Bibliography, etc ბიბლიოგრაფია ტექსტების შენიშვნებში და გვ. 294-299
653 ## - INDEX TERM--UNCONTROLLED
Uncontrolled term ზოგადი ნაწილი
653 ## - INDEX TERM--UNCONTROLLED
Uncontrolled term სისხლის სამართალი
700 ## - ADDED ENTRY--PERSONAL NAME
Personal name ფაფიაშვილი, მ.
Relator term ავტორი
9 (RLIN) 21791
700 ## - ADDED ENTRY--PERSONAL NAME
Personal name მამნიაშვილი, მ.
Relator term ავტორი
9 (RLIN) 11931
700 ## - ADDED ENTRY--PERSONAL NAME
Personal name გახოკიძე, ჯ.
Relator term ავტორი
9 (RLIN) 9284
942 ## - ADDED ENTRY ELEMENTS (KOHA)
Koha item type წიგნი
Source of classification or shelving scheme
ეგზემპლარები
ჩამოწერის სტატუსი დაკარგული ეგზემპლარის სტატუსი კლასიფიკაციის წყარო ან თაროზე გაწყობის სქემა დაზიანების სტატუსი არ გაიცემა მუდმივი მდებარეობა (დაცვის ადგილი) ამჟამინდელი ადგილსამყოფელი თაროზე განთავსების ადგილი შეძენის თარიღი სრული შენახვის შიფრი შტრიხკოდი ბოლო ოპერაციის თარიღი ეგზემპლარის მიმდევრობითი ნომერი (კეტერი?) ფასის ძალაში შესვლის თარიღი ეგზემპლარის სახეობა
          ბათუმის შოთა რუსთაველის სახელმწიფო უნივერსიტეტის მთავარი ბიბლიოთეკა ბათუმის შოთა რუსთაველის სახელმწიფო უნივერსიტეტის მთავარი ბიბლიოთეკა წიგნსაცავი 2018-12-17 343(075.8) ს-323 26607 2018-12-17 26607 2018-12-17 წიგნი